00854nam a2200277 u 4500001000800000005001700008008004100025035001200066040001300078041000800091080000600099100004100105245006400146260004300210300002100253650003800274650004200312650002000354650003200374650004300406650003400449650002500483700005100508502001000559526000700569106541520260507082834.0080201e20071121 ||||||m| spa  a1065415 ccomduadb aspa aH10aMarin Gutierrez, Ana Maria4auteaut10aAspectos tributarios del comercio electrónico en Colombia aMedellín :b[sin publicador],c2007. a96 h. + 1 CD-ROM aComercio electrónico - Colombia 0aComercio electrónicoxLegislación aLey 527 de 1999 aAdministración tributaria 7aTecnología de la información2lemb aLegislacion en comunicaciones 7aDerecho fiscal2lemb10aTorres Piedrahíta, Liliana María4auteaut b66c9 a66